000 00438nam a2200145Ia 4500
008 211109s9999||||xx |||||||||||||| ||und||
082 _a894.8123
_bBAS-S
100 _aBasheer, Vaikom Muhammad
245 0 _aSabdangal
260 _bSAHITHYA PRVARTHAKA SANGHAM
_aKottayam
_c1956
300 _a121p
630 _xGeneral Stack
650 _aMalayalam literature
_vmalayalam fictionmalayalam novelmalayalam stories
_xMalayalam
942 _cBOOK
999 _c19305
_d19305